| 000 | 01088nam a2200313 a 4500 | ||
|---|---|---|---|
| 001 | 61861 | ||
| 003 | BD-RjUL | ||
| 005 | 20211209081017.0 | ||
| 008 | 170122s1957 pk 000 0 eng d | ||
| 035 | _a(BD-RjUL)61985 | ||
| 035 | _a(UkLSE)x212333940 | ||
| 035 | _a(UkLSE)398543 | ||
| 035 | _a(UkLCURL)11398543 | ||
| 038 | _aUkLCURL | ||
| 040 |
_aBD-RjUL _beng _cBD-RjUL |
||
| 041 | _aeng | ||
| 082 |
_223 _a339.42095491 _bSEF 1957 |
||
| 090 |
_aLSE _bHD6/E163 |
||
| 100 | 1 |
_aSethi, Mushtaq Ahmed. _9184169 |
|
| 245 | 1 | 0 |
_aFamily budgets of the low-paid employees of educational institutions in six selected towns of former N-W.F.P. / _cby Mushtaq Ahmed Sethi. |
| 260 |
_aPeshawar : _bUniversity of Peshawar, Board of Economic Enquiry, _c1957 |
||
| 300 |
_a26 p. ; _c25 cm. |
||
| 490 | 1 |
_aPublications ; _vNo.1 |
|
| 650 | 0 |
_aCost and standard of living _zPakistan. _9184170 |
|
| 700 |
_aIdris, S. M., editor _9184171 |
||
| 700 |
_aAshraf, Khalid, editor _9184172 |
||
| 830 | 0 |
_aPublication (University of Peshawar. Board of Economic Enquiry) ; _vno. 1 _9184176 |
|
| 942 |
_2ddc _cBK |
||
| 999 |
_c61861 _d61861 |
||